Normal view
MARC view
- Howell, David C
Entry Personal Name
001 - CONTROL NUMBER
- control field: 116080
003 - CONTROL NUMBER IDENTIFIER
- control field: NUST
005 - DATE AND TIME OF LATEST TRANSACTION
- control field: 20230912165809.0
008 - FIXED-LENGTH DATA ELEMENTS
- fixed length control field: 230912|| aca||aabn | a|a d
040 ## - CATALOGING SOURCE
- Original cataloging agency: NUST
- Transcribing agency: NUST
100 ## - HEADING--PERSONAL NAME
- Personal name: Howell, David C
670 ## - SOURCE DATA FOUND
- Source citation: Work cat.: (NUST): Howell, David C., Fundamental statistics for the behavioral sciences /, 2014
